<?xml version="1.0" encoding="UTF-8"?>
<record
    xmlns:xsi="http://www.w3.org/2001/XMLSchema-instance"
    xsi:schemaLocation="http://www.loc.gov/MARC21/slim http://www.loc.gov/standards/marcxml/schema/MARC21slim.xsd"
    xmlns="http://www.loc.gov/MARC21/slim">

  <leader>01008nam a2200205   4500</leader>
  <controlfield tag="001"> 85462</controlfield>
  <controlfield tag="003">BD-RjUL</controlfield>
  <controlfield tag="005">20250807110231.0</controlfield>
  <controlfield tag="008">250807s1961    |||||||| |||| 00| 0 urd d</controlfield>
  <datafield tag="035" ind1=" " ind2=" ">
    <subfield code="a">(BD-RjUL) 85462</subfield>
  </datafield>
  <datafield tag="040" ind1=" " ind2=" ">
    <subfield code="a">BD-RjUL</subfield>
    <subfield code="b">eng</subfield>
    <subfield code="c">BD-RjUL</subfield>
  </datafield>
  <datafield tag="041" ind1=" " ind2=" ">
    <subfield code="a">urd</subfield>
  </datafield>
  <datafield tag="082" ind1=" " ind2=" ">
    <subfield code="2">23</subfield>
    <subfield code="a">181.07</subfield>
    <subfield code="b">IQB 1961</subfield>
  </datafield>
  <datafield tag="100" ind1=" " ind2=" ">
    <subfield code="a">&#x628;&#x632;&#x645; &#x627;&#x642;&#x628;&#x627;&#x644;.. / Bazm-i Iqbal </subfield>
    <subfield code="9">16500</subfield>
  </datafield>
  <datafield tag="245" ind1=" " ind2=" ">
    <subfield code="a">&#x641;&#x644;&#x633;&#x641;&#x6C1; &#x627;&#x642;&#x628;&#x627;&#x644; : &#x64A;&#x639;&#x646;&#x649; &#x62E;&#x64A;&#x627;&#x644;&#x627;&#x62A; &#x627;&#x642;&#x628;&#x627;&#x644; &#x67E;&#x631; &#x627;&#x646; &#x645;&#x636;&#x627;&#x645;&#x64A;&#x646; &#x643;&#x627; &#x627;&#x631;&#x62F;&#x648; &#x62A;&#x631;&#x62C;&#x645;&#x6C1; &#x62C;&#x648; &#x631;&#x633;&#x627;&#x644;&#x6C1; &#x627;&#x642;&#x628;&#x627;&#x644; &#x643;&#x6D2; &#x627;&#x646;&#x6AF;&#x631;&#x64A;&#x632;&#x649; &#x634;&#x645;&#x627;&#x631;&#x648;&#x6BA; &#x645;&#x64A;&#x6BA; &#x648;&#x642;&#x62A;&#x627;&#x64B; &#x641;&#x648;&#x642;&#x62A;&#x627;&#x64B; &#x686;&#x6BE;&#x67E;&#x62A;&#x6D2; &#x631;&#x6C1;&#x6D2;   ;;;;   Falsafah-yi Iqb&#x101;l : ya&#x2BB;ni k&#x332;h&#x332;ay&#x101;l&#x101;t-i Iqb&#x101;l par un ma&#x1E93;&#x101;m&#x12B;n k&#x101; Urd&#x16B; tarjumah jo Ris&#x101;lah Iqb&#x101;l ke angrez&#x12B; shum&#x101;ron&#x332; men&#x332; vaqtan favaqtan chapte rahe /</subfield>
    <subfield code="c">&#x645;&#x631;&#x62A;&#x628;&#x6C1;&#x60C; &#x628;&#x632;&#x645; &#x627;&#x642;&#x628;&#x627;&#x644;.,. / Bazm-i Iqbal </subfield>
  </datafield>
  <datafield tag="260" ind1=" " ind2=" ">
    <subfield code="a">Lahore :</subfield>
    <subfield code="b">&#x645;&#x631;&#x62A;&#x628;&#x6C1;&#x60C; &#x628;&#x632;&#x645; &#x627;&#x642;&#x628;&#x627;&#x644;., / Bazm-i Iqbal</subfield>
    <subfield code="c">1961</subfield>
  </datafield>
  <datafield tag="300" ind1=" " ind2=" ">
    <subfield code="a">351 p. ;</subfield>
    <subfield code="c">21 cm</subfield>
  </datafield>
  <datafield tag="600" ind1=" " ind2=" ">
    <subfield code="a">Iqbal, Muhammad, Sir, </subfield>
    <subfield code="d"> 1877-1938</subfield>
  </datafield>
  <datafield tag="942" ind1=" " ind2=" ">
    <subfield code="2">ddc</subfield>
    <subfield code="c">BK</subfield>
  </datafield>
  <datafield tag="999" ind1=" " ind2=" ">
    <subfield code="c">85462</subfield>
    <subfield code="d">85462</subfield>
  </datafield>
  <datafield tag="952" ind1=" " ind2=" ">
    <subfield code="0">0</subfield>
    <subfield code="1">0</subfield>
    <subfield code="2">ddc</subfield>
    <subfield code="4">0</subfield>
    <subfield code="7">1</subfield>
    <subfield code="8">NFIC</subfield>
    <subfield code="a">RUCL</subfield>
    <subfield code="b">RUCL</subfield>
    <subfield code="c">Reading</subfield>
    <subfield code="d">1967-05-13</subfield>
    <subfield code="e">Sh. Mubarak ali</subfield>
    <subfield code="g">6.00</subfield>
    <subfield code="l">0</subfield>
    <subfield code="o">U 181.07 IQB 1961</subfield>
    <subfield code="r">2025-08-07 00:00:00</subfield>
    <subfield code="t">C-1</subfield>
    <subfield code="w">2025-08-07</subfield>
    <subfield code="y">BK</subfield>
  </datafield>
</record>
